00654nam a22002057a 450000500170000001000130001702000230003003500130005303700160006604000120008208200160009410000180011024500900012826000390021827000650025730000260032250000530034865000290040165000180043020170124110222.0 aA-792685 c210.00a8185200882 aA-792685 bCen Lib/Ret aDPLbEN a026.34bCLI aClinch, Peter aUsing a law library :cby Peter Clinchba student's guide to legal research skills / aDelhibUniversal Book Tadersc1995 a80, Gokhale Market, Opp. Tishazari New CourtsbDelhie110054 axii,252p. c22cm(pbk) aIncludes bibliographical references and index  aEuropean Union countries aLaw libraries